I Want to Know What the Bible Says About (Record no. 7942)

MARC details
000 -LEADER
fixed length control field 00615nam a2200241 a 4500
020 ## - INTERNATIONAL STANDARD BOOK NUMBER
ISBN 0860658
082 00 - DEWEY DECIMAL CLASSIFICATION NUMBER
Classification number 220.6
Author Cutter MCD
100 ## - MAIN ENTRY--AUTHOR NAME
Author name Mc Donald, H D
245 ## - TITLE STATEMENT
Title I Want to Know What the Bible Says About
260 ## - PUBLICATION, DISTRIBUTION, ETC. (IMPRINT)
Place of publication USA
Name of publisher Kingsway Publications
Year of publication 1979
300 ## - PHYSICAL DESCRIPTION
Number of Pages 160p
500 ## - GENERAL NOTE
General note includes index and biblioraphy
505 2# - FORMATTED CONTENTS NOTE
Formatted contents note Index
650 ## - SUBJECT ADDED ENTRY--TOPICAL TERM
Topical Term Bible-Criticism & Interpretation
942 ## - ADDED ENTRY ELEMENTS (KOHA)
Koha item type Books
700 1# -
-- Mc Donald, H D
Holdings
Collection code Home library Current library Date acquired Cost, normal purchase price Full call number Accession Number Koha item type
  Henry Martyn Institute Library Henry Martyn Institute Library 06/15/2007 185.00 220.6 MCD 011372 Books
                   Copyright © 2026 | Henry Martyn Institute | Hyderabad | TS-500052 | INDIA | Implemented by hmi.edu.in
Hit-Count:

Powered by Koha